[Event "Ruhrgebiet Verbandsbezirksliga Gr 1"]
[Site "Ruhrgebiet"]
[Date "2019.05.19"]
[Round "9.8"]
[White "Rau, John"]
[Black "Pissarra, Dennis"]
[Result "1-0"]
[WhiteElo "1541"]
[BlackElo "1113"]
[PlyCount "45"]
[EventDate "2018.09.30"]
[EventType "team-tourn"]
[EventRounds "9"]
[EventCountry "GER"]
[SourceTitle "EXT 2022"]
[Source "ChessBase"]
[SourceDate "2021.10.06"]
[SourceVersion "1"]
[SourceVersionDate "2021.10.06"]
[SourceQuality "1"]
[WhiteTeam "Hamm SV II"]
[BlackTeam "Werl SC 1981 II"]
[WhiteTeamCountry "GER"]
[BlackTeamCountry "GER"]

1. d4 d5 2. c4 Nf6 3. Nc3 dxc4 4. e3 e6 5. Bxc4 Bb4 6. Nf3 Ne4 7. Bd2 Bxc3 8. Bxc3 0-0 9. 0-0 Nc6 10. Rc1 b6 11. Bb5 Ne7 12. Ne5 a6 13. Nc6 Nxc3 14. Rxc3 Nxc6 15. Bxc6 Ra7 16. Qa4 Qg5 17. Rfc1 h6 18. Bf3 Qb5 19. Qxb5 axb5 20. Rxc7 Rxa2 21. Rxc8 Rxc8 22. Rxc8+ Kh7 23. g3 1-0